000 00311nam a22001337a 4500
008 170911b xxu||||| |||| 00| 0 eng d
020 _a9780131497450
041 _aeng
080 _27TH
_a91
100 _a42
101 _aGJEO
245 _aLABORATORY MANUAL IN PHYSICAL GEOLOGY
_cBUSCH,R.M
942 _2udc
_cBK
999 _c26948
_d26948